000 00370 a2200169 4500
001 195194
020 _a978-85-418-1512-3
040 _cMagnum
100 _aLalau
240 1 0 _aBichos das terras dos bichos
_l
245 1 0 _aBichos das terras dos bichos
300 _a43
362 0 _a2016
440 1 _aEdições Sm
697 _aLITERATURA INFANTO
942 _cBK
999 _c195194
_d195194